| 000 | 00445nam a2200157Ia 4500 | ||
|---|---|---|---|
| 008 | 210716s2009 xx 000 0 und d | ||
| 020 | _a9780070581920 | ||
| 041 | _aeng | ||
| 082 | _a658 KOOH | ||
| 100 | _aKoontz, Harold;Weihrich, Heinz;Aryasri, A Ramachandra. | ||
| 245 | _aPrinciples of management. | ||
| 250 | _a1 | ||
| 260 |
_aNew Delhi _bTata McGraw Hill Education Private Limited _c2009 |
||
| 300 | _axvii,I.12 | ||
| 650 | _aMANAGEMENT | ||
| 999 |
_c207019 _d207019 |
||